000 01025cad a22001935a 4500
001 L150570
008 100729e2010 xxk 000 0 eng d
035 _a(Sirsi) u150570
041 0 _aeng
110 2 _aEC Harris
_94930
245 0 0 _aInternational Focus on the Czech Republic
_bfuture of Czech Republic construction industry dependent on recovery of Western economies
_h[electronic resource]
260 _a[S.l.]
_bECHarris
_c2010
520 _aExamines the Czech economy, heavy reliance on exports, strong trading ties with Germany; real estate sector, offices, residential, industrial and hotels; the construction market, materials and labour costs, construction costs, tender price inflation 2001-2012; looking to the future.
590 _aKA NTK
651 4 _aCzech Republic
690 _aBUILT ENVIRONMENT-CONSTRUCTION MARKET
856 4 0 _uhttps://www.echarris.com/pdf/7627_International%20Focus%20on%20Czech%20Republic%20FINAL%20EURO%20VERSION.pdf
_zView the item free of charge at www.echarris.com
942 _n0
999 _c82562
_d82562